01666nam a2200445 i 450000100060000000300080000600500170001400600190003100700150005000800410006502000180010602000270012403500230015103500240017403500250019803500210022304000310024405000230027508000070029808200120030510000190031724501040033626400680044030000370050833600310054533700330057633800430060950000220065250400290067458801280070359001640083165000180099565000310101365000180104465000330106265500270109579700190112285600620114199900170120347774FlNmELB20241216231907.0m o d | cr cnu||||||||150202s2014 sp ob 001 0 spa d z9788484541134 a9788416312061 (e-book) a(MiAaPQ)EBC3226695 a(Au-PeEL)EBL3226695 a(CaPaEBR)ebr11002068 a(OCoLC)992109671 aFINmELBbspaerdacFINmELB 4aNA2500b.C146 2014 a720 a7202231 aCalduch, Juan.10aTemas de composición arquitectónica.nvolumen 8,pLuz, sombra, color, contorno /cJuan Calduch. 1aSan Vicente (Alicante) :bEditorial Club Universitario,c[2014] a1 recurso en línea (8 volumen) atextobtxt2rdacontent/spa acomputadorabc2rdamedia/spa arecurso en líneabcr2rdacarrier/spa aIncluye índice. aContiene bibliografía. aDescripción basada en recurso en línea; Título de la página del título en PDF (e-libro, visto February 02, 2015). aRecurso electrónico. Santa Fe, Arg.: e-libro, 2015. Disponible vía World Wide Web. El acceso puede estar limitado para las bibliotecas afiliadas a e-libro. 0aArchitecture. 0aArchitecturexMethodology. 4aArquitectura. 4aArquitecturaxMetodología. 4aLibros electrónicos.2 ae-libro, Corp.40uhttps://elibro.net/ereader/politecnicointernacional/43978 c47774d47774